Scrambled History Mysteries Quiz Stats

 Plays Quiz Updated Aug 5, 2013

Support Sporcle.
Go Orange.
Score 0/60 Timer 09:00
1 Play Today
% Correct
Thatcher
97.2%
noir dyal
97.1%
dilef osrcta
90%
Pigs
89.8%
Boris
86.4%
yhnhceac
86.4%
Rutherford
84.3%
gtear iolardar tierks
84.3%
Iron Lady
79.2%
nlveaij otrwh
79.1%
Barcelona
79.1%
malpan
75.8%
Tet
75.6%
octami mobb
74.7%
Manhattan
74.6%
Colt
73.2%
ivlic awr
73.1%
insirultad rovlntouei
71.3%
Whitney
71.2%
Amin
70.1%
rlitimya opuc
69.7%
btnilgas pca
69.2%
Nobel
69.1%
Atomic Bomb
67.5%
Civil War
67.4%
aeomblv pety
65.7%
Gutenberg
65.2%
Napalm
65.1%
cain iempre
63.2%
Andes
63%
% Correct
Fidel Castro
61.5%
Green
58.9%
nojh rodf
58.3%
honj vhdaarr
57.2%
Cambridge
57%
Inca Empire
55.9%
agrnenge
55.9%
Trench
55.8%
ckymei usome
55.4%
Shanghai
55.2%
John Ford
53.5%
Rodin
53%
nbezor dna baelrm
52.6%
Military Coup
52.4%
Industrial Revolution
51.6%
Javelin Throw
47.3%
Mickey Mouse
47.2%
Movable Type
46.6%
John Harvard
45.6%
Gangrene
42.6%
Blasting Cap
42.5%
Chechnya
41%
Memory
33.9%
pekotc awhtc
33.8%
Great Railroad Strike
32.5%
Bronze and Marble
30.5%
Pocket Watch
27.4%
Migrant
11.4%
cotks rtkaem scrha
11.3%
Stock Market Crash
9.8%

You're not logged in!

Compare scores with friends on all Sporcle quizzes.
OR
Log In
Forgot?

From the Vault

South American 'E' Countries

by Flick

We're going to South America? Alpaca bag.
Remove Ads.
Support Sporcle.
Get the best of Sporcle when you Go Orange. This ad-free experience offers more features, more stats, and more fun while also helping to support Sporcle. Thank you for becoming a member.

Show Comments

Extras

Top Quizzes Today


Score Distribution

Your Account Isn't Verified!

In order to create a playlist on Sporcle, you need to verify the email address you used during registration. Go to your Sporcle Settings to finish the process.

Report this User

Report this user for behavior that violates our Community Guidelines.

Details: